书目信息 |
| 题名: |
中华人民共和国企业所得税法与实施条例释义及案例精解
|
|
| 作者: | 翟继光 主编 | |
| 分册: | ||
| 出版信息: | 上海 立信会计出版社 2019 |
|
| 页数: | 373页 | |
| 开本: | 24cm | |
| 丛书名: | ||
| 单 册: | ||
| 中图分类: | D922.222.5 , D922.222 | |
| 科图分类: | ||
| 主题词: | 企业所得税--税法--法律解释--中国--2019 | |
| 电子资源: | ||
| ISBN: | 978-7-5429-6171-6 | |
| 000 | 01056nam0 2200241 450 | |
| 001 | 2341000601 | |
| 005 | 20230923112337.42 | |
| 010 | @a978-7-5429-6171-6@dCNY62.00 | |
| 100 | @a20190807d2019 em y0chiy50 ea | |
| 101 | 0 | @achi |
| 102 | @aCN@b310000 | |
| 105 | @ay z 000yy | |
| 200 | 1 | @a中华人民共和国企业所得税法与实施条例释义及案例精解@Azhong hua ren min gong he guo qi ye suo de shui fa yu shi shi tiao li shi yi ji an li jing jie@e2019年版@f翟继光主编 |
| 210 | @a上海@c立信会计出版社@d2019 | |
| 215 | @a373页@d24cm | |
| 300 | @a企业所得税法实施培训指定用书 | |
| 330 | @a本书根据《企业所得税法》与《企业所得税法实施条例》的基本结构分为总则、应纳税所得额、应纳税额、税收优惠、源泉扣缴、特别纳税调整、征收管理以及附则八章。全书主要运用财政部和国家税务总局发布的文件对《企业所得税法》与《企业所得税法实施条例》的条款进行详细解读。 | |
| 606 | 0 | @a企业所得税@x税法@x法律解释@y中国@z2019 |
| 690 | @aD922.222.5@v5 | |
| 690 | @aD922.222@v4 | |
| 701 | 0 | @a翟继光@Azhai ji guang@4主编 |
| 801 | 0 | @aCN@b安徽时代@c20230923 |
| 905 | @aBZT@dD922.222@e7 | |
| 中华人民共和国企业所得税法与实施条例释义及案例精解:2019年版/翟继光主编.-上海:立信会计出版社,2019 |
| 373页;24cm |
| 企业所得税法实施培训指定用书 |
| ISBN 978-7-5429-6171-6:CNY62.00 |
| 本书根据《企业所得税法》与《企业所得税法实施条例》的基本结构分为总则、应纳税所得额、应纳税额、税收优惠、源泉扣缴、特别纳税调整、征收管理以及附则八章。全书主要运用财政部和国家税务总局发布的文件对《企业所得税法》与《企业所得税法实施条例》的条款进行详细解读。 |
| ● |
| 相关链接 |
|
|
|
正题名:中华人民共和国企业所得税法与实施条例释义及案例精解
索取号:D922.222/7
 
预约/预借
| 序号 | 登录号 | 条形码 | 馆藏地/架位号 | 状态 | 备注 |
| 1 | 2000916337 | 2000916337 | 第四书库/四5架A面6层1列/ [索取号:D922.222/7] | 在馆 | |
| 2 | 2000916338 | 2000916338 | 第四书库/四5架A面6层1列/ [索取号:D922.222/7] | 在馆 | |
| 3 | 2000916339 | 2000916339 | 第四书库/四5架A面6层1列/ [索取号:D922.222/7] | 在馆 | |
| 4 | 2000916340 | 2000916340 | 第四书库/四5架A面6层1列/ [索取号:D922.222/7] | 在馆 | |
| 5 | 2000916341 | 2000916341 | 第四书库/四5架A面6层1列/ [索取号:D922.222/7] | 在馆 | |
| 6 | 2000916342 | 2000916342 | 第四书库/四5架A面6层1列/ [索取号:D922.222/7] | 在馆 |